| 000 | 00394nam a2200157Ia 4500 | ||
|---|---|---|---|
| 005 | 20240530045329.0 | ||
| 008 | 240331s9999 xx 000 0 und d | ||
| 020 | _a817013126x | ||
| 082 |
_bNIT _a340.95 |
||
| 245 | 0 | _aNiti-Nighanduva orthe vocabulary of law | |
| 260 |
_aNew Delhi _bLake House Bookshop _c1994 |
||
| 300 | _axxxix, 119 p ., | ||
| 650 | _aLaws | ||
| 650 | _aHistory | ||
| 942 | _cL | ||
| 999 |
_c2817 _d2817 |
||